[Event "CRO-chT (Women) 31st"]
[Site "Veli Losinj"]
[Date "2023.10.17"]
[Round "8.3"]
[White "Ascic, Josipa"]
[Black "Bogdanic, Katarina"]
[Result "1/2-1/2"]
[WhiteElo "1541"]
[BlackElo "1967"]
[PlyCount "78"]
[EventDate "2023.10.11"]
[EventType "team-tourn"]
[EventRounds "9"]
[EventCountry "CRO"]
[SourceTitle "Mega2024 Update 01"]
[Source "Chessbase"]
[SourceDate "2023.11.12"]
[SourceVersion "1"]
[SourceVersionDate "2023.11.12"]
[SourceQuality "1"]
[WhiteTeam "Djakovo Limmont (W)"]
[BlackTeam "Rijeka Draga (W)"]
[WhiteTeamCountry "CRO"]
[BlackTeamCountry "CRO"]

1. d4 Nf6 2. Nf3 e6 3. Bf4 c5 4. e3 b6 5. Nbd2 Be7 6. Be2 0-0 7. h3 cxd4 8. exd4 Bb7 9. 0-0 Nc6 10. c3 d6 11. Qc2 Rc8 12. a3 Re8 13. Rfe1 a6 14. Bd3 h6 15. Ne4 Nxe4 16. Bxe4 Na5 17. Bxb7 Nxb7 18. Nh2 Bg5 19. Bxg5 Qxg5 20. Re3 Qf5 21. Qxf5 exf5 22. Rae1 Kf8 23. Rxe8+ Rxe8 24. Rxe8+ Kxe8 25. Nf3 Na5 26. Nd2 d5 27. Kf1 b5 28. Ke2 Nc4 29. Nxc4 bxc4 30. Kd2 Kd7 31. Kc2 Kc6 32. a4 f4 33. f3 g5 34. b3 h5 35. h4 f6 36. Kb2 a5 37. Ka3 Kb6 38. b4 g4 39. b5 g3 1/2-1/2

[Event "CRO-chT (Women) 30th"]
[Site "Porec"]
[Date "2022.09.28"]
[Round "6.1"]
[White "Alaber, Maja"]
[Black "Bogdanic, Katarina"]
[Result "0-1"]
[WhiteElo "1498"]
[BlackElo "1995"]
[PlyCount "64"]
[EventDate "2022.09.24"]
[EventType "team-tourn"]
[EventRounds "9"]
[EventCountry "CRO"]
[SourceTitle "CBM 210 Extra"]
[Source "ChessBase"]
[SourceDate "2022.11.30"]
[SourceVersion "1"]
[SourceVersionDate "2022.11.30"]
[SourceQuality "1"]
[WhiteTeam "Zagreb Ericsson Tesla (W)"]
[BlackTeam "Rijeka Draga (W)"]
[WhiteTeamCountry "CRO"]
[BlackTeamCountry "CRO"]

1. e4 c5 2. Nc3 e6 3. g3 a6 4. Bg2 Qc7 5. Nge2 Nf6 6. d4 cxd4 7. Nxd4 Be7 8. 0-0 0-0 9. Re1 d6 10. f4 Rd8 11. Kh1 Nc6 12. Be3 Rb8 13. Nxc6 bxc6 14. b3 c5 15. Qe2 Bb7 16. Rad1 d5 17. exd5 exd5 18. Bf2 Bf8 19. h3 Re8 20. Qd3 d4 21. Ne4 Nxe4 22. Bxe4 Bxe4+ 23. Rxe4 Qb7 24. Rde1 f5 25. Qc4+ Kh8 26. Kh2 Rxe4 27. Rxe4 fxe4 28. g4 e3 29. Bg3 Re8 30. Qe2 Qb5 31. Qxb5 axb5 32. Kg2 Ra8 0-1

[Event "CRO-chT (Women) 30th"]
[Site "Porec"]
[Date "2022.09.25"]
[Round "3.4"]
[White "Ivekovic, Tihana"]
[Black "Bogdanic, Katarina"]
[Result "1-0"]
[WhiteElo "2132"]
[BlackElo "1995"]
[PlyCount "85"]
[EventDate "2022.09.24"]
[EventType "team-tourn"]
[EventRounds "9"]
[EventCountry "CRO"]
[SourceTitle "CBM 210 Extra"]
[Source "ChessBase"]
[SourceDate "2022.11.30"]
[SourceVersion "1"]
[SourceVersionDate "2022.11.30"]
[SourceQuality "1"]
[WhiteTeam "Rijeka Liburnija (W)"]
[BlackTeam "Rijeka Draga (W)"]
[WhiteTeamCountry "CRO"]
[BlackTeamCountry "CRO"]

1. d4 Nf6 2. c4 e6 3. g3 c5 4. d5 d6 5. Bg2 Be7 6. Nc3 0-0 7. Nf3 Nbd7 8. 0-0 Nb6 9. Nd2 Nfd7 10. e4 exd5 11. cxd5 Ne5 12. Qe2 Bd7 13. f4 Bg4 14. Qe3 Ng6 15. h3 Bd7 16. Nf3 Re8 17. Qd3 Bf6 18. Re1 Qc8 19. Kh2 Qc7 20. Bd2 a6 21. Rab1 Rac8 22. Nd1 c4 23. Qa3 Na4 24. Rc1 Qb6 25. Bb4 Nc5 26. Rxc4 Bb5 27. Bxc5 dxc5 28. Rc1 Be7 29. e5 Bf8 30. d6 Bd7 31. Ne3 Bxd6 32. exd6 Qxd6 33. Nc4 Qc7 34. Nfe5 Be6 35. Nxg6 hxg6 36. Ne5 Red8 37. Qc3 Qb6 38. b3 Qb5 39. Rcd1 Rxd1 40. Rxd1 Qe2 41. Rd2 Qb5 42. Nc4 Bxc4 43. Qxc4 1-0

[Event "CRO-chT (Women) 29th"]
[Site "Mali Losinj"]
[Date "2021.09.28"]
[Round "4.3"]
[White "Ivekovic, Tihana"]
[Black "Bogdanic, Katarina"]
[Result "1/2-1/2"]
[WhiteElo "2093"]
[BlackElo "2055"]
[PlyCount "39"]
[EventDate "2021.09.25"]
[EventType "team-tourn"]
[EventRounds "9"]
[EventCountry "CRO"]
[SourceTitle "CBM 204 Extra"]
[Source "ChessBase"]
[SourceDate "2021.11.30"]
[SourceVersion "1"]
[SourceVersionDate "2021.11.30"]
[SourceQuality "1"]
[WhiteTeam "Rijeka Liburnija (W)"]
[BlackTeam "Rijeka Draga (W)"]
[WhiteTeamCountry "CRO"]
[BlackTeamCountry "CRO"]

1. d4 Nf6 2. c4 e6 3. g3 g6 4. Bg2 Bg7 5. Nc3 d5 6. Nf3 0-0 7. 0-0 Nbd7 8. Qd3 c5 9. cxd5 exd5 10. dxc5 Nxc5 11. Qd1 Re8 12. Nb5 Ne6 13. Nbd4 Qb6 14. b3 Ne4 15. Bb2 Bd7 16. Re1 Rac8 17. Qd3 N4c5 18. Qd2 Ne4 19. Qd3 N4c5 20. Qd2 1/2-1/2

[Event "CRO-chT2 West"]
[Site "Rijeka"]
[Date "2020.09.13"]
[Round "3.2"]
[White "Bogdanic, Katarina"]
[Black "Bulic, Domagoj"]
[Result "1-0"]
[WhiteElo "2023"]
[BlackElo "2149"]
[PlyCount "125"]
[EventDate "2020.09.12"]
[EventType "team-tourn"]
[EventRounds "9"]
[EventCountry "CRO"]
[SourceTitle "EXT 2022"]
[Source "ChessBase"]
[SourceDate "2021.10.06"]
[SourceVersion "1"]
[SourceVersionDate "2021.10.06"]
[SourceQuality "1"]
[WhiteTeam "Krk"]
[BlackTeam "Buje"]
[WhiteTeamCountry "CRO"]
[BlackTeamCountry "CRO"]

1. c4 c6 2. Nf3 d5 3. d4 Nf6 4. g3 e6 5. Qc2 Bd6 6. b3 h6 7. Bg2 0-0 8. 0-0 Nbd7 9. Bb2 Re8 10. Nbd2 e5 11. dxe5 Nxe5 12. Nxe5 Bxe5 13. Bxe5 Rxe5 14. Nf3 Rh5 15. cxd5 Bf5 16. Qb2 cxd5 17. Rfd1 Qd7 18. h4 Bh3 19. Bh1 Re8 20. Rac1 Ne4 21. Qd4 Qd6 22. Kh2 Bd7 23. Kg2 Nxg3 24. fxg3 Rxe2+ 25. Kf1 Bb5 26. Rd3 Re4 27. Rc8+ Kh7 28. Ng5+ Rxg5 29. Bxe4+ f5 30. Bxd5 Qxg3 31. Bc4 Qg2+ 32. Ke1 Qh1+ 33. Kd2 Rg2+ 34. Kc3 Qe1+ 35. Rd2 Bxc4 36. Rd8 Bb5 37. Kb2 Rxd2+ 38. Qxd2 Qxd2+ 39. Rxd2 f4 40. Rd5 Be2 41. Rf5 f3 42. h5 g6 43. Rf7+ Kg8 44. hxg6 h5 45. Kc3 h4 46. Kd2 h3 47. Ke3 h2 48. Rh7 Bb5 49. Rxh2 Bc6 50. Rh7 a6 51. a3 Bd5 52. b4 Kf8 53. Kd4 Bb3 54. Ke3 Bd5 55. Rd7 Bc6 56. Rf7+ Kg8 57. Kd4 f2 58. Ke5 Be8 59. Rxf2 Bxg6 60. Rg2 Kf7 61. Rxg6 Kxg6 62. Kd6 Kf6 63. Kc7 1-0

[Event "CRO-chT2 West"]
[Site "Rijeka"]
[Date "2020.09.13"]
[Round "2.2"]
[White "Tomic, Boris"]
[Black "Bogdanic, Katarina"]
[Result "0-1"]
[WhiteElo "2081"]
[BlackElo "2023"]
[PlyCount "54"]
[EventDate "2020.09.12"]
[EventType "team-tourn"]
[EventRounds "9"]
[EventCountry "CRO"]
[SourceTitle "EXT 2022"]
[Source "ChessBase"]
[SourceDate "2021.10.06"]
[SourceVersion "1"]
[SourceVersionDate "2021.10.06"]
[SourceQuality "1"]
[WhiteTeam "Mali Losinj"]
[BlackTeam "Krk"]
[WhiteTeamCountry "CRO"]
[BlackTeamCountry "CRO"]

1. d4 Nf6 2. Bf4 e6 3. e3 b6 4. Nd2 Bb7 5. Ngf3 Be7 6. h3 0-0 7. Bd3 d5 8. Ne5 Nbd7 9. Qf3 c5 10. c3 Rc8 11. g4 Nxe5 12. Bxe5 Nd7 13. Bf4 Bf6 14. g5 Bxg5 15. Qh5 h6 16. Bh2 cxd4 17. cxd4 Qe7 18. h4 Nf6 19. Qf3 Bxh4 20. Be5 Nd7 21. Qg4 Bg5 22. f4 f5 23. Qg3 Nxe5 24. dxe5 d4 25. Rh2 dxe3 26. Nb3 Qb4+ 27. Ke2 Bxf4 0-1

[Event "CRO-chT (Women) 28th"]
[Site "Mali Losinj"]
[Date "2019.10.05"]
[Round "9.14"]
[White "Bogdanic, Katarina"]
[Black "Balent, Sara"]
[Result "1-0"]
[WhiteElo "1899"]
[BlackElo "1132"]
[PlyCount "35"]
[EventDate "2019.09.28"]
[EventType "team-tourn"]
[EventRounds "9"]
[EventCountry "CRO"]
[SourceTitle "EXT 2020"]
[Source "ChessBase"]
[SourceDate "2019.10.17"]
[SourceVersion "1"]
[SourceVersionDate "2019.10.17"]
[SourceQuality "1"]
[WhiteTeam "Rijeka Draga (W)"]
[BlackTeam "Zagreb Mladost (W)"]
[WhiteTeamCountry "CRO"]
[BlackTeamCountry "CRO"]

1. Nf3 Nf6 2. c4 e6 3. g3 Be7 4. Bg2 0-0 5. 0-0 d5 6. d4 b6 7. cxd5 exd5 8. Nc3 Bb7 9. Bf4 Nbd7 10. Nb5 c5 11. Bc7 Qe8 12. Nd6 Bxd6 13. Bxd6 Rc8 14. Bxf8 Qxf8 15. Rc1 Qe7 16. e3 Ne4 17. Bh3 Re8 18. Qa4 1-0

[Event "CRO-chT (Women) 28th"]
[Site "Mali Losinj"]
[Date "2019.09.30"]
[Round "4.13"]
[White "Bogdanic, Katarina"]
[Black "Vujic, Agata"]
[Result "1-0"]
[WhiteElo "1899"]
[BlackElo "1714"]
[PlyCount "43"]
[EventDate "2019.09.28"]
[EventType "team-tourn"]
[EventRounds "9"]
[EventCountry "CRO"]
[SourceTitle "EXT 2020"]
[Source "ChessBase"]
[SourceDate "2019.10.17"]
[SourceVersion "1"]
[SourceVersionDate "2019.10.17"]
[SourceQuality "1"]
[WhiteTeam "Rijeka Draga (W)"]
[BlackTeam "Kastav (W)"]
[WhiteTeamCountry "CRO"]
[BlackTeamCountry "CRO"]

1. Nf3 d5 2. c4 dxc4 3. Qa4+ Nc6 4. Qxc4 Nf6 5. g3 a6 6. Bg2 e6 7. 0-0 Bd6 8. d4 0-0 9. Nc3 Rb8 10. Rd1 h6 11. e4 Bb4 12. Ne5 Bxc3 13. Nxc6 bxc6 14. Qxc3 Bb7 15. Bf4 Qe7 16. Qa5 Rfc8 17. Rac1 c5 18. d5 exd5 19. exd5 c4 20. d6 Qe2 21. dxc7 Ng4 22. Qd2 1-0

[Event "EU-chT U18 Girls"]
[Site "Pardubice"]
[Date "2019.07.11"]
[Round "1.2"]
[White "Bogdanic, Katarina"]
[Black "Aydin, Gulenay"]
[Result "0-1"]
[WhiteElo "1955"]
[BlackElo "1934"]
[PlyCount "100"]
[EventDate "2019.07.11"]
[EventType "team-swiss"]
[EventRounds "7"]
[EventCountry "CZE"]
[SourceTitle "CBM 191 Extra"]
[Source "ChessBase"]
[SourceDate "2019.09.30"]
[SourceVersion "1"]
[SourceVersionDate "2019.09.30"]
[SourceQuality "1"]
[WhiteTeam "Croatia U18 Girls"]
[BlackTeam "Turkey U18 Girls"]
[WhiteTeamCountry "CRO"]
[BlackTeamCountry "TUR"]

1. c4 Nf6 2. Nf3 g6 3. g3 Bg7 4. Bg2 0-0 5. 0-0 d6 6. d3 c6 7. Nc3 Re8 8. Rb1 a5 9. a3 e5 10. b4 axb4 11. axb4 d5 12. Nd2 Na6 13. b5 Nc5 14. bxc6 bxc6 15. Qc2 Be6 16. Bb2 Rc8 17. Na4 Nfd7 18. Nxc5 Nxc5 19. Rfc1 Qd7 20. Ba3 Bf8 21. Bxc5 Bxc5 22. Qd1 Bh3 23. Qf1 Bf5 24. Rb3 e4 25. cxd5 cxd5 26. dxe4 dxe4 27. Nc4 Qa4 28. Rbc3 Bd4 29. Nd6 Rxc3 30. Nxe8 Rxc1 31. Qxc1 Qxe8 32. Qc4 Bf6 33. h3 h5 34. Qd5 Kg7 35. Kh2 Qe5 36. Qxe5 Bxe5 37. f4 exf3 38. exf3 g5 39. f4 gxf4 40. gxf4 Bxf4+ 41. Kg1 Bg3 42. Bf1 Be4 43. Bg2 Bxg2 44. Kxg2 Be1 45. Kf3 Kg6 46. Ke2 Bh4 47. Kf3 Kg5 48. Ke4 Bg3 49. Kf3 Kh4 50. Kg2 f5 0-1

[Event "Wch U16 Girls"]
[Site "Porto Carras"]
[Date "2018.10.30"]
[Round "11.27"]
[White "Kvendseth, Thyra"]
[Black "Bogdanic, Katarina"]
[Result "0-1"]
[WhiteElo "1854"]
[BlackElo "2014"]
[PlyCount "84"]
[EventDate "2018.10.20"]
[EventType "swiss"]
[EventRounds "11"]
[EventCountry "GRE"]
[SourceTitle "CBM 187 Extra"]
[Source "ChessBase"]
[SourceDate "2018.11.04"]
[SourceVersion "1"]
[SourceVersionDate "2018.11.04"]
[SourceQuality "1"]

1. d4 Nf6 2. c4 e6 3. Nf3 Bb4+ 4. Nbd2 0-0 5. a3 Bxd2+ 6. Bxd2 b6 7. e3 Bb7 8. Bd3 d6 9. Qc2 Nbd7 10. b4 c5 11. e4 cxd4 12. Nxd4 Ne5 13. f3 Rc8 14. Qb3 d5 15. exd5 Nxd5 16. cxd5 Qh4+ 17. Ke2 Qxd4 18. Be4 exd5 19. Bf5 Rce8 20. Qc3 Nc4+ 21. Kd1 Ne3+ 22. Kc1 Nxf5 23. Qxd4 Nxd4 24. Ra2 Re2 25. Rg1 Rfe8 26. Rb2 Nf5 27. Bg5 Rxb2 28. Kxb2 Re2+ 29. Kb1 h6 30. Bf4 Nh4 31. Rc1 Nxg2 32. Bb8 d4 33. Bxa7 d3 34. Bxb6 Bxf3 35. Rc8+ Kh7 36. Rd8 Be4 37. Kc1 Ra2 38. Rd4 Bg6 39. b5 Nf4 40. Rd8 Ne2+ 41. Kb1 Nc3+ 42. Kc1 Rc2# 0-1

[Event "Wch U16 Girls"]
[Site "Porto Carras"]
[Date "2018.10.28"]
[Round "9.26"]
[White "Bogdanic, Katarina"]
[Black "Leonova, Ameliya"]
[Result "1-0"]
[WhiteElo "2014"]
[BlackElo "1736"]
[PlyCount "57"]
[EventDate "2018.10.20"]
[EventType "swiss"]
[EventRounds "11"]
[EventCountry "GRE"]
[SourceTitle "CBM 187 Extra"]
[Source "ChessBase"]
[SourceDate "2018.11.04"]
[SourceVersion "1"]
[SourceVersionDate "2018.11.04"]
[SourceQuality "1"]

1. c4 f5 2. Nf3 Nf6 3. g3 g6 4. Bg2 Bg7 5. Nc3 0-0 6. 0-0 d6 7. d3 e5 8. Rb1 Nc6 9. b4 h6 10. b5 Ne7 11. a4 g5 12. Nd2 Qe8 13. a5 Rb8 14. b6 axb6 15. axb6 c6 16. Ba3 c5 17. Nb5 Qh5 18. Nxd6 Be6 19. e4 Ng4 20. h3 f4 21. Nf5 Bxf5 22. exf5 fxg3 23. Qxg4 gxf2+ 24. Rxf2 Qf7 25. Bxc5 Kh8 26. Ne4 Bf6 27. Nxf6 Qxf6 28. Re1 Rf7 29. d4 1-0

[Event "Wch U16 Girls"]
[Site "Porto Carras"]
[Date "2018.10.27"]
[Round "8"]
[White "Puppi Lazo, Stephanie Beatriz"]
[Black "Bogdanic, Katarina"]
[Result "1-0"]
[WhiteElo "1847"]
[BlackElo "2014"]
[PlyCount "77"]
[EventDate "2018.10.20"]
[EventType "swiss"]
[EventRounds "11"]
[EventCountry "GRE"]
[SourceTitle "CBM 187 Extra"]
[Source "ChessBase"]
[SourceDate "2018.11.04"]
[SourceVersion "1"]
[SourceVersionDate "2018.11.04"]
[SourceQuality "1"]

1. e4 c5 2. Nf3 e6 3. Nc3 a6 4. Be2 b5 5. d4 cxd4 6. Nxd4 Bb7 7. f3 Qc7 8. Be3 Nf6 9. Qd2 Nc6 10. 0-0 Be7 11. Rad1 0-0 12. Kh1 Rac8 13. Nxc6 Bxc6 14. Bd3 d5 15. exd5 Nxd5 16. Nxd5 Bxd5 17. a3 Rfd8 18. Qf2 Qc6 19. Rfe1 Bf6 20. Bc1 Qc5 21. Qg3 Bc4 22. Be4 Bd4 23. Qh3 f5 24. Bd3 Bxd3 25. cxd3 Qc2 26. Bg5 Re8 27. Rd2 Qc1 28. Qg3 Bxb2 29. Rde2 Qc3 30. Qf2 Bxa3 31. Rxe6 Rxe6 32. Rxe6 Qxd3 33. Rxa6 Bc1 34. f4 Be3 35. Qa2+ Kf8 36. Be7+ Ke8 37. Qg8+ Kxe7 38. Re6+ Kd7 39. Qf7+ 1-0

[Event "Wch U16 Girls"]
[Site "Porto Carras"]
[Date "2018.10.24"]
[Round "6"]
[White "Simkunaite, Gabija"]
[Black "Bogdanic, Katarina"]
[Result "1/2-1/2"]
[WhiteElo "1650"]
[BlackElo "2014"]
[PlyCount "105"]
[EventDate "2018.10.20"]
[EventType "swiss"]
[EventRounds "11"]
[EventCountry "GRE"]
[SourceTitle "CBM 187 Extra"]
[Source "ChessBase"]
[SourceDate "2018.11.04"]
[SourceVersion "1"]
[SourceVersionDate "2018.11.04"]
[SourceQuality "1"]

1. e4 c5 2. c3 Nf6 3. e5 Nd5 4. d4 cxd4 5. Nf3 e6 6. cxd4 b6 7. Nc3 Nxc3 8. bxc3 Qc7 9. Bd2 Be7 10. Bd3 Ba6 11. Qe2 Bxd3 12. Qxd3 Nc6 13. 0-0 0-0 14. Bg5 f6 15. exf6 Bxf6 16. Bxf6 Rxf6 17. d5 Ne5 18. Nxe5 Qxe5 19. dxe6 dxe6 20. Rae1 Qc5 21. Re3 Raf8 22. Qe2 Qc6 23. Rg3 R8f7 24. Qd2 Rd7 25. Qe2 Qd6 26. h3 Qd2 27. Qe5 Kf7 28. Qh5+ Kg8 29. Qe5 Qf4 30. Qb5 Qd6 31. Qe2 Qc5 32. Re3 Qd5 33. Rg3 Kf8 34. Qa6 Kg8 35. Qe2 Qd6 36. Qe3 Qf4 37. Qe1 Qd6 38. Qe2 g6 39. Re3 Kf7 40. Qa6 Qd2 41. Qc8 Re7 42. Qh8 Qc2 43. Qxh7+ Kf8 44. Qh4 Kf7 45. Qc4 Rd7 46. Qc6 Qd2 47. Rf3 Rxf3 48. Qxf3+ Kg7 49. Qe4 Qxa2 50. Qe5+ Kf7 51. Qf4+ Kg7 52. Qe5+ Kf7 53. Qf4+ 1/2-1/2

[Event "Wch U16 Girls"]
[Site "Porto Carras"]
[Date "2018.10.22"]
[Round "4"]
[White "Bogdanic, Katarina"]
[Black "Yurasova, Daria"]
[Result "0-1"]
[WhiteElo "2014"]
[BlackElo "2193"]
[PlyCount "70"]
[EventDate "2018.10.20"]
[EventType "swiss"]
[EventRounds "11"]
[EventCountry "GRE"]
[SourceTitle "CBM 187 Extra"]
[Source "ChessBase"]
[SourceDate "2018.11.04"]
[SourceVersion "1"]
[SourceVersionDate "2018.11.04"]
[SourceQuality "1"]

1. c4 e6 2. Nf3 d5 3. g3 d4 4. d3 Nf6 5. Bg2 c5 6. 0-0 Nc6 7. e3 Bd6 8. Na3 0-0 9. exd4 cxd4 10. Nc2 e5 11. Re1 Re8 12. Bg5 Bf5 13. b4 a6 14. a4 h6 15. Nh4 Bxd3 16. Bxc6 Bxc2 17. Qxc2 bxc6 18. Bxf6 Qxf6 19. b5 axb5 20. axb5 Rxa1 21. Rxa1 cxb5 22. cxb5 e4 23. Ra6 e3 24. fxe3 dxe3 25. Qe2 Qe5 26. Nf3 Qd5 27. Ra2 Bc5 28. Kf1 Re6 29. Ra6 Re4 30. Rc6 Rc4 31. Kg2 Qe4 32. Kg1 Rc1+ 33. Ne1 Qb1 34. Rc8+ Kh7 35. Rxc5 Rxe1+ 0-1

[Event "Wch U16 Girls"]
[Site "Porto Carras"]
[Date "2018.10.21"]
[Round "2"]
[White "Getman, Tatyana"]
[Black "Bogdanic, Katarina"]
[Result "1-0"]
[WhiteElo "2195"]
[BlackElo "2014"]
[PlyCount "75"]
[EventDate "2018.10.20"]
[EventType "swiss"]
[EventRounds "11"]
[EventCountry "GRE"]
[SourceTitle "CBM 187 Extra"]
[Source "ChessBase"]
[SourceDate "2018.11.04"]
[SourceVersion "1"]
[SourceVersionDate "2018.11.04"]
[SourceQuality "1"]

1. d4 Nf6 2. c4 e6 3. Nf3 Bb4+ 4. Bd2 c5 5. Bxb4 cxb4 6. Nbd2 b6 7. e4 Bb7 8. Bd3 0-0 9. e5 Ne8 10. Ne4 f5 11. Nd6 Bxf3 12. Qxf3 Nc6 13. Nxe8 Qxe8 14. Qf4 Qg6 15. 0-0-0 Qg4 16. Qe3 Qxd4 17. Qxd4 Nxd4 18. Bc2 Nxc2 19. Kxc2 Rf7 20. f4 b5 21. cxb5 Rb8 22. Rd6 Rxb5 23. Rhd1 g5 24. g3 gxf4 25. gxf4 Rb7 26. Kb3 Rg7 27. R1d2 Kf8 28. R6d4 a5 29. Ka4 Ra7 30. Kb5 Ke8 31. Rd6 Rg4 32. Kb6 Ra8 33. Rxd7 Rc8 34. Kb7 Rc4 35. h4 Rxh4 36. Rd8+ Kf7 37. R2d7+ Kg6 38. Rg8+ 1-0

[Event "CRO-chT (Women) 27th"]
[Site "Biograd"]
[Date "2018.09.10"]
[Round "4.43"]
[White "Raguz, Ivan"]
[Black "Bogdanic, Katarina"]
[Result "0-1"]
[WhiteElo "1706"]
[BlackElo "1921"]
[PlyCount "36"]
[EventDate "2018.09.08"]
[EventType "team-tourn"]
[EventRounds "9"]
[EventCountry "CRO"]
[SourceTitle "CBM 186 Extra"]
[Source "ChessBase"]
[SourceDate "2018.08.24"]
[SourceVersion "1"]
[SourceVersionDate "2018.08.24"]
[SourceQuality "1"]
[WhiteTeam "Djakovo Dama (W)"]
[BlackTeam "Rijeka Draga (W)"]
[WhiteTeamCountry "CRO"]
[BlackTeamCountry "CRO"]

1. d4 Nf6 2. c4 e6 3. Nc3 Bb4 4. Qc2 c5 5. e3 Nc6 6. Nge2 0-0 7. Bd2 cxd4 8. exd4 d5 9. a3 Be7 10. c5 e5 11. dxe5 Nxe5 12. b4 d4 13. Nxd4 Qxd4 14. 0-0-0 Qxf2 15. Ne4 Nxe4 16. Qxe4 Bf6 17. Bb5 Bf5 18. Qxb7 Qd4 0-1

[Event "Bosnjaci op 23rd"]
[Site "Bosnjaci"]
[Date "2018.01.04"]
[Round "2"]
[White "Bogdanic, Katarina"]
[Black "Popovic, Milan S"]
[Result "1/2-1/2"]
[WhiteElo "1917"]
[BlackElo "2264"]
[PlyCount "151"]
[EventDate "2018.01.03"]
[EventType "swiss"]
[EventRounds "9"]
[EventCountry "CRO"]
[SourceTitle "CBM 182 Extra"]
[Source "ChessBase"]
[SourceDate "2018.02.23"]
[SourceVersion "1"]
[SourceVersionDate "2018.02.23"]
[SourceQuality "1"]

1. c4 g6 2. g3 Bg7 3. Bg2 d6 4. Nc3 Nf6 5. Nf3 0-0 6. 0-0 Nc6 7. d3 e5 8. Rb1 a5 9. a3 h6 10. b4 axb4 11. axb4 Be6 12. b5 Ne7 13. Bb2 Qd7 14. c5 Nfd5 15. cxd6 Nxc3 16. Bxc3 cxd6 17. Qd2 Ra2 18. Rb2 Rfa8 19. e4 f5 20. Rc1 R8a3 21. b6 Kh7 22. Qd1 Nc6 23. Rxa2 Rxa2 24. Ra1 Rxa1 25. Qxa1 Qd8 26. Qb2 d5 27. exf5 gxf5 28. Bxe5 Nxe5 29. Nxe5 Qd6 30. f4 Bf6 31. d4 Bd8 32. h3 Qxb6 33. Qxb6 Bxb6 34. Nf3 Ba5 35. Bf1 Kg7 36. Kf2 Bd7 37. Bd3 Kf6 38. Ke2 b5 39. Kd1 b4 40. Kc2 Ba4+ 41. Kb2 Bb6 42. Bc2 Bb5 43. Kb3 Be2 44. Nh4 Bxd4 45. Kxb4 Bf2 46. Nxf5 h5 47. Kc3 Bf3 48. Nh4 Bh1 49. Nf5 Be1+ 50. Kd4 Bf2+ 51. Kc3 Bg2 52. Nd4 Bxg3 53. Bd1 h4 54. f5 Bxh3 55. Bf3 Ke5 56. Bh1 Be1+ 57. Kd3 Bf1+ 58. Ke3 Bg3 59. Nf3+ Kxf5 60. Nxh4+ Ke6 61. Nf3 Bb8 62. Nd4+ Kd6 63. Kf2 Ba6 64. Ne2 Ke5 65. Ke1 Bc7 66. Kd2 Ba5+ 67. Kd1 Bc4 68. Nc1 Kd4 69. Bf3 Bb5 70. Nb3+ Ke3 71. Bxd5 Bb4 72. Kc2 Bd3+ 73. Kb2 Bf1 74. Be6 Kd3 75. Bf5+ Kc4 76. Be6+ 1/2-1/2

[Event "Bosnjaci op 23rd"]
[Site "Bosnjaci"]
[Date "2018.01.04"]
[Round "3"]
[White "Klasan, Vladimir"]
[Black "Bogdanic, Katarina"]
[Result "1-0"]
[WhiteElo "2389"]
[BlackElo "1917"]
[PlyCount "71"]
[EventDate "2018.01.03"]
[EventType "swiss"]
[EventRounds "9"]
[EventCountry "CRO"]
[SourceTitle "CBM 182 Extra"]
[Source "ChessBase"]
[SourceDate "2018.02.23"]
[SourceVersion "1"]
[SourceVersionDate "2018.02.23"]
[SourceQuality "1"]

1. e4 c5 2. Nc3 g6 3. Nf3 Bg7 4. d4 cxd4 5. Nxd4 Nc6 6. Nde2 d6 7. g3 Nf6 8. Bg2 0-0 9. 0-0 Bg4 10. h3 Bd7 11. Be3 Qc8 12. Kh2 Ne5 13. Rb1 b5 14. Nd5 Nxd5 15. exd5 Bf5 16. Nd4 Bd7 17. b3 f5 18. f4 Nf7 19. Qd3 Rb8 20. Rfe1 Re8 21. Rbc1 b4 22. c4 Qa6 23. Rc2 Nd8 24. Bf2 Bf6 25. Rce2 Qc8 26. Nf3 Bc3 27. Rc1 a5 28. Rxc3 bxc3 29. Qxc3 a4 30. Bd4 Nf7 31. Ng5 e5 32. dxe6 Bxe6 33. Rxe6 Rxe6 34. Bh8 Qf8 35. Nxe6 Qh6 36. Bg7 1-0

[Event "CRO-chT U16"]
[Site "Nasice"]
[Date "2017.12.29"]
[Round "6"]
[White "Salamon, Viktor"]
[Black "Bogdanic, Katarina"]
[Result "1-0"]
[WhiteElo "1827"]
[BlackElo "1917"]
[PlyCount "67"]
[EventDate "2017.12.27"]
[EventType "team-tourn"]
[EventRounds "7"]
[EventCountry "CRO"]
[SourceTitle "EXT 2019"]
[Source "ChessBase"]
[SourceDate "2018.10.10"]
[SourceVersion "1"]
[SourceVersionDate "2018.10.10"]
[SourceQuality "1"]

1. d4 Nf6 2. c4 e6 3. Nc3 Bb4 4. Qc2 c5 5. dxc5 Bxc5 6. Nf3 Qb6 7. e3 Qc7 8. Be2 0-0 9. 0-0 a6 10. Rd1 Be7 11. e4 d6 12. h3 Nbd7 13. Be3 b6 14. Rac1 Bb7 15. Nd4 Rac8 16. b3 Rfd8 17. f4 Qb8 18. f5 Nf8 19. Bf3 d5 20. fxe6 fxe6 21. exd5 exd5 22. Nf5 Ba3 23. Rb1 Qc7 24. Bg5 Bc5+ 25. Kh1 d4 26. Bxf6 Bxf3 27. gxf3 dxc3 28. Bxd8 Rxd8 29. Rxd8 Qxd8 30. Qxc3 Qg5 31. Qe5 Qf6 32. Qxf6 gxf6 33. b4 Bf2 34. Kg2 1-0

[Event "CRO-chT U16"]
[Site "Nasice"]
[Date "2017.12.27"]
[Round "2"]
[White "Cotic, Borna"]
[Black "Bogdanic, Katarina"]
[Result "1/2-1/2"]
[WhiteElo "2002"]
[BlackElo "1917"]
[PlyCount "69"]
[EventDate "2017.12.27"]
[EventType "team-tourn"]
[EventRounds "7"]
[EventCountry "CRO"]
[SourceTitle "EXT 2019"]
[Source "ChessBase"]
[SourceDate "2018.10.10"]
[SourceVersion "1"]
[SourceVersionDate "2018.10.10"]
[SourceQuality "1"]

1. e4 c5 2. Nf3 e6 3. c4 Nc6 4. Be2 e5 5. d3 d6 6. Nc3 Be7 7. a3 f5 8. 0-0 a5 9. Rb1 Nf6 10. Bg5 0-0 11. Bxf6 Bxf6 12. Nd5 Be6 13. h3 a4 14. Qd2 f4 15. b4 b6 16. bxc5 bxc5 17. Bd1 Bxd5 18. cxd5 Ne7 19. Rb7 Qc8 20. Qb2 Nxd5 21. exd5 e4 22. Qb6 exf3 23. Bxf3 Be5 24. Qb5 Qe8 25. Qxe8 Rfxe8 26. Bh5 Rf8 27. Rfb1 Rf5 28. Rb8+ Rf8 29. Rxa8 Rxa8 30. Rb7 Kf8 31. Rf7+ Kg8 32. Rb7 Kf8 33. Rf7+ Kg8 34. Rb7 Kf8 35. Rf7+ 1/2-1/2